000 01118nam a22002897a 4500
001 7521
003 FISKH
005 20250723094052.0
008 250723b cb ||||| |||| 00| 0 eng d
020 _a9781405249539
040 _aFISKH
_beng
_cFISKH
_dFISKH
050 _aPZ7.S6795 B
082 _a813.54
100 _aSnicket, Lemony
_d(1970-)
245 _aA series of unfortunate events :
_bThe bad beginning /
_cLemony Snicket ; Illustrated by Brett Heloquist
250 _aThis edition first published in 2010
260 _aLondon :
_bHarperColin,
_c1999
300 _a162 pages :
_billustrations ;
_c20 cm
520 _aAfter the sudden death of their parents, the three Baudelaire children must depend on each other and their wits when it turns out that the distant relative who is appointed their guardian is determined to use any means necessary to get their fortune.
521 8 _a1010
_bLexile
521 8 _aZ
_bRaz-Plus
650 _2Lemony Snicket
_aFiction
650 _2Siblings
_aChildren's literature
700 _aHelquist, Brett
_dillustrator
942 _2ddc
_cBK
_n0
999 _c7521
_d7521